Bild und Auge: neue Studien zur Psychologie der bildlichen Darstellung /

Hlavní autor: Gombrich, E. H. 1909-2001
Jazyk: Němčina
Vydáno: Stuttgart : Klett-Cotta, 1984
Témata:
Fyzický popis: 316 s.
Knihy
Uloženo v:
LEADER 00784nam a2200229 4500
001 000980666
003 CZ BrMZK
005 20100331144342.0
008 010711s1984 au | ger
020 |a 3-608-76180-2 
040 |a BOA001  |b cze 
100 1 |a Gombrich, E. H.  |q (Ernst Hans),  |d 1909-2001  |7 jn19990002770 
245 1 0 |a Bild und Auge: neue Studien zur Psychologie der bildlichen Darstellung /  |c Ernst Hans Gombrich 
260 |a Stuttgart :  |b Klett-Cotta,  |c 1984 
300 |a 316 s. 
653 |a dějiny umění 
653 |a psychologie umění 
653 |a výtvarné umění 
910 |a BOA001  |b RK-0001.866 
990 |a BK 
991 |z 000001308  |x 33 
996 7 |b 261A003312  |c RK-0001.866  |l Rakouská knihovna/2.patro  |r ZHR  |n 7  |p {1-BK-1866}  |h BK  |w 000980666  |u 000010  |a 0  |e BOA001  |j MZK50  |s A